000 00364 a2200157 4500
001 68774
020 _a8586295078
040 _cAnchieta - Itaigara
100 _aGuedes, Hardy
240 1 0 _aO pobre homem mais rico do mundo
_lpor
245 1 0 _aO pobre homem mais rico do mundo
300 _a24
362 0 _a1997
650 4 _aLiteratura infantil
942 _cBK
999 _c68774
_d68774